000 00303nam a22001337a 4500
008 170502b xxu||||| |||| 00| 0 eng d
020 _a9781422477021
041 _aeng
080 _24TH
_a34
100 _a14
101 _aSHJ
245 _aEVIDENCE LAW AND PRACTICE
_cFRIEDLAND, S.I
942 _2udc
_cBK
999 _c12434
_d12434